[Event "Titled Tue 3rd Jun Early"]
[Site "chess.com INT"]
[Date "2025.06.03"]
[Round "3"]
[White "Haug, Havard"]
[Black "Kislinsky, Alexey"]
[Result "1/2-1/2"]
[WhiteTitle "FM"]
[BlackTitle "GM"]
[WhiteElo "2354"]
[BlackElo "2350"]
[WhiteFideId "1547887"]
[BlackFideId "14108801"]
[EventDate "2025.06.03"]

1. e4 c6 2. d4 d5 3. Nd2 dxe4 4. Nxe4 Bf5 5. Ng5 Nf6 6. N1f3 Nbd7 7. Bd3 Bxd3 8.
Qxd3 e6 9. Qb3 Qb6 10. O-O Qxb3 11. axb3 h6 12. Nh3 g5 13. Nd2 Bd6 14. f3 a6 15.
Nf2 O-O-O 16. Nfe4 Be7 17. c3 Nd5 18. Nc4 Kc7 19. Ne3 Nxe3 20. Bxe3 Nf6 21. Nxf6
Bxf6 22. f4 g4 23. f5 e5 24. dxe5 Bxe5 25. Rad1 h5 26. b4 Rhe8 27. Bg5 Rxd1 28.
Rxd1 Bd6 29. Kf2 Re5 30. Bf4 Rxf5 31. Rxd6 Rxf4+ 32. Kg3 Rxb4 33. cxb4 Kxd6 34.
Kh4 f5 35. Kxh5 Ke5 36. Kg5 b6 37. Kh4 Kf4 38. Kh5 c5 39. bxc5 bxc5 40. Kg6 c4
41. h4 gxh3 42. gxh3 a5 43. h4 c3 44. bxc3 a4 45. h5 a3 46. h6 a2 47. h7 a1=Q
48. h8=Q Qa6+ 49. Kf7 Qb7+ 50. Kg6 Qc6+ 51. Kf7 Qd7+ 52. Kf6 Qd6+ 53. Kf7 Qd7+
54. Kf6 Qc6+ 55. Ke7 Qc7+ 56. Ke6 Qc6+ 57. Ke7 Qb7+ 58. Kd6 Qb6+ 59. Kd5 Qb5+
60. Kd4 Qd7+ 61. Kc4 Qe6+ 62. Kd3 Qe4+ 63. Kd2 Qe3+ 64. Kc2 Qe2+ 65. Kb3 Qb5+
66. Ka3 Qa5+ 67. Kb2 Qb5+ 68. Kc2 Qa4+ 69. Kc1 Qa1+ 70. Kd2 Qb2+ 71. Kd3 Qb1+
72. Kc4 Qe4+ 73. Kb3 Qb7+ 74. Ka4 Qa6+ 75. Kb4 Qb6+ 76. Ka3 Qa5+ 77. Kb2 Qb5+
78. Kc2 Qe2+ 79. Kc1 Qe1+ 80. Kb2 Qe2+ 81. Ka1 Qa6+ 82. Kb1 Qd3+ 83. Kc1 Qe3+
84. Kc2 Qe2+ 1/2-1/2

[Event "Titled Tue 3rd Jun Early"]
[Site "chess.com INT"]
[Date "2025.06.03"]
[Round "3"]
[White "Carlsson, Ludvig"]
[Black "Zhigalko, Sergei"]
[Result "0-1"]
[WhiteTitle "IM"]
[BlackTitle "GM"]
[WhiteElo "2374"]
[BlackElo "2572"]
[WhiteFideId "1727010"]
[BlackFideId "13502956"]
[EventDate "2025.06.03"]

1. Nf3 d5 2. d4 e6 3. c4 c6 4. Bg5 Be7 5. Bxe7 Qxe7 6. e3 Nf6 7. Nc3 O-O 8. Rc1
Nbd7 9. Be2 dxc4 10. Bxc4 e5 11. O-O e4 12. Nd2 Nb6 13. Bb3 Bg4 14. Qc2 Rfe8 15.
Qb1 Rad8 16. Bc2 Bf5 17. f3 c5 18. fxe4 Bg6 19. Nf3 Nxe4 20. Nxe4 Bxe4 21. Bxe4
Qxe4 22. Qxe4 Rxe4 23. dxc5 Nd5 24. Rfd1 Ree8 25. e4 Nf4 26. Kf1 h6 27. g3 Nd3
28. Rc3 Nxb2 29. Rxd8 Rxd8 30. Rb3 Na4 31. Rxb7 Nxc5 32. Rxa7 Nxe4 33. Re7 Nc3
34. Ra7 Rb8 35. a4 Rb2 36. a5 Ra2 37. a6 Nd5 38. Ra8+ Kh7 39. a7 Nc7 40. Rf8
Rxa7 41. Rxf7 Ra1+ 42. Kg2 Ne6 43. Ne5 Ra2+ 44. Rf2 Ra5 45. Nf3 Nc5 46. Re2 Nd3
47. Ne1 Nb4 48. Re4 Rb5 49. Kf3 Nc6 50. Re3 Rb1 51. Kf2 Rb2+ 52. Re2 Rb8 53. Nf3
Nb4 54. Kg2 Nd3 55. Rd2 Nc5 56. Re2 Nd7 57. Rd2 Nf6 58. Re2 Ra8 59. h3 Nd5 60.
Kf2 Ra5 61. Rd2 Nc3 62. g4 Ne4+ 63. Ke3 Nxd2 64. Kxd2 Ra3 65. Ke2 Kg6 66. Kf2
Kf6 67. h4 Ke6 68. h5 Kd5 69. Nh4 Ke5 70. Nf5 Kf4 71. Nxg7 Ra2+ 72. Kf1 Kxg4 73.
Kg1 Kg5 74. Kf1 Ra7 75. Ne6+ Kxh5 76. Kg2 Ra3 77. Nf4+ Kg5 78. Nh3+ Kh4 79. Nf4
Kg4 80. Nd5 Ra2+ 81. Kh1 Kg3 0-1

[Event "Titled Tue 3rd Jun Early"]
[Site "chess.com INT"]
[Date "2025.06.03"]
[Round "3"]
[White "Moosavifar, Seyed Abolfazl"]
[Black "Moinzai, Khushal"]
[Result "1/2-1/2"]
[WhiteTitle "FM"]
[BlackTitle "FM"]
[WhiteElo "2303"]
[BlackElo "1894"]
[WhiteFideId "42548195"]
[BlackFideId "11701200"]
[EventDate "2025.06.03"]

1. e4 c5 2. Nf3 Nc6 3. c4 g6 4. Nc3 Bg7 5. d3 d6 6. Be3 Nf6 7. Be2 O-O 8. h3 Rb8
9. O-O a6 10. d4 cxd4 11. Nxd4 Nxd4 12. Bxd4 Bd7 13. a4 h5 14. a5 Bc6 15. e5
dxe5 16. Bxe5 Rc8 17. b3 Ne4 18. Bxg7 Kxg7 19. Qc2 Qd4 20. Nxe4 Bxe4 21. Qa2
Rfd8 22. Rfd1 Qe5 23. f3 Bc6 24. b4 h4 25. Qc2 Rd4 26. Kf1 Rcd8 27. Rxd4 Rxd4
28. Rd1 Rxd1+ 29. Qxd1 Qc3 30. b5 axb5 31. cxb5 Be8 32. a6 bxa6 33. bxa6 Qa5 34.
Qd4+ Kg8 35. a7 e5 36. Qe3 Bb5 37. Bxb5 Qxb5+ 38. Kg1 Qa5 39. Qf2 g5 40. Qe3 f6
41. Qb3+ Kg7 42. Qb7+ Kg6 43. Qe4+ f5 44. Qc6+ Kh5 45. Qe8+ Kh6 46. Qe6+ Kh5 47.
Qf7+ Kh6 48. Kh2 Qa4 49. Qe6+ Kh5 50. Qf7+ Kh6 51. Qxf5 Qxa7 52. Qxe5 Qf7 53.
Qd6+ Kh5 54. Qe5 Kh6 55. Qe4 Kh5 56. Qg4+ Kh6 57. Kg1 Qa2 58. f4 Qb1+ 59. Kh2
Qg6 60. f5 Qf6 61. Qe4 Kg7 62. Qb7+ Kh6 63. Qd5 Kg7 64. Qd7+ Kh6 65. Qd5 Kg7 66.
Kg1 Qa1+ 67. Kf2 Qb2+ 68. Ke3 Qc1+ 69. Kd4 Qf4+ 70. Kc5 Qc7+ 71. Kb5 Qb8+ 72.
Ka6 Qc8+ 73. Kb6 Kf6 74. Qd4+ Kf7 75. Qe5 Qd8+ 76. Kc6 Qc8+ 77. Kd5 Qb7+ 78. Kd4
Qb2+ 79. Kd5 Qb5+ 80. Kd6 Qb8+ 81. Kd5 Qb5+ 82. Ke4 Qe2+ 83. Kd4 Qb2+ 84. Kd5
Qb5+ 1/2-1/2

[Event "Titled Tue 3rd Jun Early"]
[Site "chess.com INT"]
[Date "2025.06.03"]
[Round "3"]
[White "Guliev, Gasan"]
[Black "Perossa, Nicolas"]
[Result "0-1"]
[WhiteTitle "CM"]
[BlackTitle "FM"]
[WhiteElo "2123"]
[BlackElo "2262"]
[WhiteFideId "34165638"]
[BlackFideId "2850520"]
[EventDate "2025.06.03"]

1. d4 Nf6 2. Bg5 e6 3. e4 h6 4. Bxf6 Qxf6 5. Nf3 d6 6. Bb5+ c6 7. Bd3 e5 8. c3
Bg4 9. Nbd2 Nd7 10. h3 Bxf3 11. Nxf3 g6 12. O-O Bg7 13. Qb3 Rb8 14. Rad1 O-O 15.
Nh2 h5 16. Bb1 exd4 17. cxd4 c5 18. dxc5 Nxc5 19. Qd5 Qxb2 20. Qxd6 Ne6 21. Qd2
Rfd8 22. Qxb2 Bxb2 23. Nf3 b5 24. Bc2 a5 25. g3 a4 26. h4 Rdc8 27. Bd3 b4 28.
Nd2 Nc5 29. Bc4 b3 30. axb3 a3 31. e5 a2 32. b4 a1=Q 33. Rxa1 Bxa1 34. bxc5 Bxe5
35. Ne4 Rc7 36. Rd1 Kg7 37. Rd5 Re8 38. Ng5 Ree7 39. Kg2 Bf6 40. Nf3 Red7 41.
Rxd7 Rxd7 42. c6 Rc7 43. Bd5 Kf8 44. Nd2 Be7 45. Nc4 f6 46. Kf3 Ke8 47. Ke3 Kd8
48. Na5 Ra7 49. Nb7+ Kc7 50. Be4 Ra3+ 51. Ke2 Ra2+ 52. Kf3 g5 53. hxg5 fxg5 54.
Bg6 h4 55. gxh4 gxh4 56. Kg4 Kxc6 57. Be4+ Kc7 58. f3 Ra4 59. Kh3 Rb4 60. Na5
Kd6 61. Nc6 Ra4 62. Nxe7 Kxe7 63. Kxh4 Kf6 64. Kg4 Ke5 65. Kg5 Ra7 66. Bg6 Rg7
67. f4+ Kd6 68. f5 Rg8 69. f6 Rf8 70. Bf5 Ke5 71. Bg6 Rxf6 72. Bh5 Rf5+ 73. Kg6
Rf2 74. Kg7 Rg2+ 75. Bg6 Rg3 76. Kh7 Kf6 77. Be8 Re3 0-1

[Event "Titled Tue 3rd Jun Early"]
[Site "chess.com INT"]
[Date "2025.06.03"]
[Round "3"]
[White "Torres Rebolledo, Alvaro"]
[Black "Sethuraman, Roshan"]
[Result "0-1"]
[WhiteTitle "FM"]
[WhiteElo "2336"]
[BlackElo "2074"]
[WhiteFideId "54587670"]
[BlackFideId "30965250"]
[EventDate "2025.06.03"]

1. Nf3 Nf6 2. g3 d5 3. Bg2 c6 4. O-O Bg4 5. d3 Nbd7 6. h3 Bxf3 7. exf3 e5 8. f4
exf4 9. Bxf4 Be7 10. c4 O-O 11. Nc3 Nb6 12. b3 Bb4 13. Qc2 Bd6 14. Ne2 Bxf4 15.
Nxf4 Re8 16. Rfe1 Qd7 17. Rad1 Rad8 18. c5 Na8 19. d4 Nc7 20. Nd3 Ne6 21. Ne5
Qc7 22. f4 h6 23. Qf2 b6 24. b4 bxc5 25. bxc5 Nd7 26. f5 Nexc5 27. Nxf7 Kxf7 28.
dxc5 Nf6 29. g4 Qa5 30. Rb1 Kg8 31. Re6 Rxe6 32. fxe6 Re8 33. Re1 Qc3 34. Kh1
Kh8 35. Re2 a5 36. e7 Kg8 37. Qf5 Qxc5 38. Qe6+ Kh8 39. Re1 Ng8 40. Rf1 Qxe7 41.
Qxc6 Nf6 42. Bxd5 Rd8 43. Bg2 Qe5 44. a4 Rb8 45. Qf3 Rb4 46. Qc6 Rb8 47. Qf3 Rc8
48. Qf5 Rc5 49. Qxe5 Rxe5 50. Rc1 Kg8 51. Rc8+ Kf7 52. Ra8 Rc5 53. Ra7+ Kg6 54.
Kh2 h5 55. gxh5+ Nxh5 56. Be4+ Kg5 57. Ra6 Kh4 58. Bd3 Rd5 59. Bb5 Rd2+ 60. Kg1
Kg3 61. Kf1 Nf4 62. Ke1 Rg2 63. Rxa5 Kxh3 64. Ra8 Kh2 65. a5 Rg1+ 66. Kd2 Ra1
67. a6 g5 68. a7 Kg1 69. Bc6 Ra2+ 70. Ke3 Ra3+ 71. Kd4 Ne6+ 72. Ke5 Nc7 73. Rg8
Rxa7 74. Rxg5+ Kf2 75. Kd6 Ke1 76. Rg7 Nb5+ 77. Bxb5 Rxg7 78. Kc5 Rg1 79. Kb4
Kd2 80. Ka3 Rg4 81. Ka2 Rf4 82. Bc6 Kc2 83. Bb5 Rb4 84. Bc6 Rb6 85. Be4+ Kc3 86.
Bd5 Ra6+ 87. Kb1 Ra3 88. Ba2 Ra5 89. Ka1 Rg5 90. Kb1 Rg1# 0-1

[Event "Titled Tue 3rd Jun Early"]
[Site "chess.com INT"]
[Date "2025.06.03"]
[Round "3"]
[White "Donoso Aguirre, Maximiliano"]
[Black "Sailer, Mike"]
[Result "1-0"]
[WhiteTitle "CM"]
[WhiteElo "2002"]
[BlackElo "2108"]
[WhiteFideId "3458920"]
[BlackFideId "2012901"]
[EventDate "2025.06.03"]

1. e4 d5 2. exd5 Qxd5 3. Nc3 Qd6 4. d4 c6 5. Nf3 Bg4 6. Bd3 Nf6 7. Ne4 Nxe4 8.
Bxe4 e6 9. c3 Nd7 10. O-O Nf6 11. Bd3 Qc7 12. h3 Bh5 13. Re1 Bd6 14. Bg5 Bf4 15.
Bxf4 Qxf4 16. Be2 O-O 17. Ne5 Bxe2 18. Qxe2 Rad8 19. Rad1 Nd7 20. Nc4 Nb6 21.
Nxb6 axb6 22. Rd3 b5 23. Rf3 Qh6 24. Qe4 Qd2 25. Re2 Qc1+ 26. Kh2 Rd5 27. Rg3
Rf5 28. a3 Qf4 29. Qxf4 Rxf4 30. Rge3 Rd8 31. Kg3 Rf5 32. Re5 Rxe5 33. Rxe5 Kf8
34. Kf4 Ke7 35. Re1 Rd5 36. Ra1 Rf5+ 37. Ke3 e5 38. f3 exd4+ 39. Kxd4 Rd5+ 40.
Ke3 Re5+ 41. Kf2 Rd5 42. Ke2 Re5+ 43. Kd2 Rd5+ 44. Kc2 Re5 45. Rd1 Re2+ 46. Rd2
Re1 47. Kb3 c5 48. c4 Re3+ 49. Kc2 bxc4 50. Rd5 b6 51. Rd2 h5 52. h4 f6 53. Kc1
Re1+ 54. Kc2 Re3 55. Rf2 Ke6 56. Kd2 Rd3+ 57. Kc2 Kf5 58. Re2 g5 59. hxg5 fxg5
60. Re4 b5 61. a4 bxa4 62. Rxc4 Rd5 63. Rxa4 h4 64. Rc4 Re5 65. Rg4 Rd5 66. Kc3
Re5 67. b3 Rd5 68. Kc4 Re5 69. Kb5 Ke6 70. f4 gxf4 71. Rxf4 Rh5 72. Rc4 Kd6 73.
Rc3 Rg5 74. Rd3+ Ke5 75. Rd2 Ke4 76. Kc4 Ke3 77. Rc2 Rf5 78. Rc3+ Kf2 79. Rh3
Kxg2 80. Rxh4 Kf3 81. Rh8 Ke3 82. Rd8 Re5 83. Rd1 1-0

[Event "Titled Tue 3rd Jun Early"]
[Site "chess.com INT"]
[Date "2025.06.03"]
[Round "3"]
[White "Balavignan, Ashvin"]
[Black "Klepek, Witold"]
[Result "0-1"]
[WhiteTitle "CM"]
[BlackTitle "CM"]
[WhiteElo "2023"]
[BlackElo "2253"]
[WhiteFideId "3261425"]
[BlackFideId "1175068"]
[EventDate "2025.06.03"]

1. d4 Nf6 2. c4 e6 3. g3 c5 4. d5 exd5 5. cxd5 d6 6. Nc3 g6 7. Bg2 Bg7 8. Nf3
O-O 9. O-O a6 10. a4 Re8 11. Bf4 Ne4 12. Nxe4 Rxe4 13. Nd2 Rb4 14. Ra2 Qe7 15.
e4 Nd7 16. Qc2 Ne5 17. b3 Bd7 18. a5 Bb5 19. Rd1 Rc8 20. Bf1 g5 21. Be3 h6 22.
Nc4 Bxc4 23. bxc4 Nf3+ 24. Kg2 Nd4 25. Bxd4 Bxd4 26. Qe2 Kh7 27. Qg4 Re8 28. Bd3
Kg7 29. h4 Qf6 30. hxg5 Qxg5 31. Qe2 f5 32. Rh1 fxe4 33. Bxe4 Kh8 34. Rh5 Rxe4
35. Qxe4 Qxh5 36. Ra3 Rb2 37. Rf3 Rxf2+ 38. Rxf2 Bxf2 39. Kxf2 Qf7+ 40. Kg2 Kg7
41. Qg4+ Kf6 42. Qf4+ Ke7 43. Qxh6 Kd7 44. Qh3+ Kc7 45. Qe6 Qg7 46. Qe4 Qb2+ 47.
Kh3 Qc1 48. Qe7+ Kc8 49. Qe6+ Kc7 50. Qe7+ Kc8 51. Qxd6 Qxc4 52. Qe6+ Kb8 53.
Qe5+ Ka7 54. d6 Qf1+ 55. Kg4 Qd1+ 56. Kh4 c4 57. Qc5+ Ka8 58. Qc8+ Ka7 59. d7
Qh1+ 60. Kg5 Qc1+ 61. Kf6 Qh6+ 62. Ke5 Qg5+ 63. Kd4 Qg4+ 64. Kc3 Qxg3+ 65. Kxc4
Qg4+ 66. Kd5 Qf5+ 67. Kd6 Qf6+ 68. Kc7 Qc3+ 69. Kd8 Qh8+ 70. Ke7 Qg7+ 71. Ke6
Qg6+ 72. Kd5 Qf5+ 73. Kc4 Qc2+ 74. Kb4 Qb2+ 75. Kc4 Qc2+ 76. Kd5 Qd2+ 77. Ke4
Qe2+ 78. Kf5 Qf1+ 79. Ke6 Qe1+ 80. Kf7 Qf2+ 81. Ke8 Qe3+ 82. Kd8 Qg5+ 83. Kc7
Qxa5+ 84. Kd6 Qd2+ 85. Ke6 Qe3+ 86. Kd6 Qd4+ 87. Ke6 Qe4+ 88. Kf6 Qf4+ 89. Ke7
Qe5+ 90. Kd8 Qf6+ 91. Kc7 Qb6# 0-1

[Event "Titled Tue 3rd Jun Early"]
[Site "chess.com INT"]
[Date "2025.06.03"]
[Round "3"]
[White "Ochedzan, Filip"]
[Black "Hernandez Jimenez, Alexander Andres"]
[Result "1/2-1/2"]
[WhiteTitle "CM"]
[BlackTitle "FM"]
[WhiteElo "2130"]
[BlackElo "2043"]
[WhiteFideId "21892610"]
[BlackFideId "3900452"]
[EventDate "2025.06.03"]

1. f4 d5 2. Nf3 g6 3. g3 Bg7 4. Bg2 Nf6 5. O-O O-O 6. d3 c5 7. Nc3 Nc6 8. e4
dxe4 9. dxe4 Nd4 10. Be3 Bg4 11. h3 Nxf3+ 12. Bxf3 Bxh3 13. Qxd8 Rfxd8 14. Rfd1
Rxd1+ 15. Rxd1 Rc8 16. e5 Ng4 17. Bc1 b6 18. Nd5 Kf8 19. b3 Nh6 20. Ne3 Be6 21.
Kf2 Nf5 22. Bb2 Nxe3 23. Kxe3 h5 24. c4 f6 25. exf6 Bxf6 26. Bxf6 exf6 27. Be4
Kf7 28. Rd6 Ke7 29. Rd2 g5 30. Rh2 Rh8 31. Bg6 h4 32. gxh4 Rxh4 33. Rxh4 gxh4
34. Kf3 Bh3 35. Be4 Kd6 36. Bb7 Bd7 37. Be4 a6 38. Bd5 b5 39. Bb7 bxc4 40. bxc4
a5 41. Bd5 f5 42. a3 Be8 43. Kg2 Ke7 44. Kh3 Kf6 45. Kxh4 Bd7 46. Kg3 Be8 47.
Kf3 Kg6 48. Be6 Kf6 49. Bd5 Bd7 50. Ke3 Kg6 51. Bf3 Kh6 52. Kd3 Kg6 53. Kc3 Kf6
54. Kb3 Ke6 55. Bb7 Kd6 56. Ba6 Kc7 57. Bb5 Be6 58. Be8 Kb6 59. Kc3 Ka6 60. Bb5+
Kb6 61. Kd3 Kc7 62. Ke3 Kd6 63. Kf3 Ke7 64. Kg3 Kf6 65. Kh4 Bf7 66. Kg3 Kg6 67.
Kf3 Kf6 68. Ke3 Ke6 69. Kd3 Kd6 70. Ba6 Kc7 71. Bb5 Kd6 72. Ba4 Kc7 73. Bd1 Be8
74. Bf3 Bc6 75. Bxc6 Kxc6 76. Ke3 Kd6 77. Kf3 Ke6 78. Kg3 Kf6 79. Kh4 Kg6 80.
Kg3 Kh5 81. Kh3 Kg6 82. Kh4 Kh6 83. a4 Kg6 84. Kg3 Kh5 85. Kh3 Kg6 86. Kh4 Kh6
87. Kg3 Kg6 88. Kh3 Kh6 89. Kh4 Kg6 90. Kh3 Kh6 91. Kg3 Kg6 92. Kf3 Kf6 93. Kg3
Kg6 1/2-1/2

[Event "Titled Tue 3rd Jun Early"]
[Site "chess.com INT"]
[Date "2025.06.03"]
[Round "3"]
[White "Parfenov, Viktor N."]
[Black "Klymchuk, Andriy"]
[Result "0-1"]
[WhiteTitle "CM"]
[BlackTitle "FM"]
[WhiteElo "2193"]
[BlackElo "2405"]
[WhiteFideId "4165969"]
[BlackFideId "14140063"]
[EventDate "2025.06.03"]

1. e4 c5 2. Nf3 Nc6 3. Bb5 Nf6 4. Bxc6 dxc6 5. e5 Nd5 6. h3 h6 7. d3 Bf5 8. b3
e6 9. Bb2 Be7 10. Nbd2 O-O 11. O-O b5 12. a4 Nb4 13. Re1 Qd5 14. Bc3 Rfd8 15.
Bxb4 cxb4 16. Qe2 a6 17. Ne4 c5 18. Qe3 c4 19. axb5 axb5 20. Rxa8 Rxa8 21. dxc4
bxc4 22. bxc4 Qxc4 23. Qb3 Rc8 24. Nd6 Qxb3 25. cxb3 Bxd6 26. exd6 Rd8 27. Rd1
Bc2 28. Rd4 Bxb3 29. Rxb4 Bd5 30. Rb6 Bxf3 31. gxf3 e5 32. Kg2 g5 33. Kg3 Kg7
34. Kg4 Kg6 35. d7+ f6 36. Rd6 h5+ 37. Kg3 Kf7 38. h4 Ke7 39. Ra6 gxh4+ 40. Kxh4
Rxd7 41. Kxh5 Rd2 42. Kg4 Rxf2 43. Ra7+ Ke6 44. Ra6+ Kf7 45. Ra8 Rg2+ 46. Kf5
Rg5+ 47. Ke4 Rh5 48. Rb8 Rh4+ 49. Ke3 Ke6 50. Rf8 Ra4 51. Rb8 Ra3+ 52. Kf2 Kf5
53. Rb4 Kg5 54. Re4 Rb3 55. Ra4 f5 56. Rc4 Rb2+ 57. Kg3 f4+ 58. Kh3 Rf2 59. Rc3
Kf5 60. Rb3 Ke6 61. Kg4 Rg2+ 62. Kh3 Rg3+ 63. Kh2 Kd5 64. Ra3 Kd4 65. Rb3 Kc4
66. Ra3 Rg6 67. Kh3 Kd4 68. Rb3 Kd5 69. Kh2 Rg3 70. Ra3 Ke6 71. Rb3 Kf5 72. Ra3
Kg5 73. Rb3 Kh4 74. Rb5 Rg5 75. Rb8 Rg6 76. Rh8+ Kg5 77. Kg2 Kf5+ 78. Kf2 Ra6
79. Rf8+ Ke6 80. Rd8 Ra2+ 81. Kf1 Ra4 82. Kf2 Rd4 83. Ra8 Rd2+ 84. Ke1 Rc2 85.
Kf1 Kd5 86. Ra4 Rc4 87. Ra8 Kd4 88. Re8 Ke3 89. Kg2 Rc2+ 90. Kh3 Kxf3 91. Rxe5
Rc7 92. Kh2 Kf2 93. Ra5 Rh7+ 0-1

[Event "Titled Tue 3rd Jun Early"]
[Site "chess.com INT"]
[Date "2025.06.03"]
[Round "3"]
[White "Kirchei, Viktoriia"]
[Black "Madhesh Kumar S"]
[Result "0-1"]
[WhiteTitle "WFM"]
[BlackTitle "CM"]
[WhiteElo "2058"]
[BlackElo "2243"]
[WhiteFideId "34133396"]
[BlackFideId "25168649"]
[EventDate "2025.06.03"]

1. d3 e5 2. Nd2 d5 3. g3 g6 4. Bg2 Bg7 5. e3 Ne7 6. Ne2 O-O 7. O-O Nbc6 8. f4
exf4 9. exf4 Nf5 10. Nf3 Ncd4 11. c3 Nxe2+ 12. Qxe2 Re8 13. Qf2 d4 14. c4 Ne3
15. Re1 Bf5 16. Bxe3 dxe3 17. Rxe3 Rxe3 18. Qxe3 Qxd3 19. Qxd3 Bxd3 20. Ne5 Bxe5
21. fxe5 c6 22. b3 Re8 23. Rd1 Bf5 24. Kf2 Rxe5 25. Rd8+ Kg7 26. Ra8 Ra5 27. Rb8
Rxa2+ 28. Kg1 Ra1+ 29. Kf2 c5 30. Bxb7 Ra2+ 31. Kg1 Be6 32. Bg2 Rb2 33. Rb5 a6
34. Rxc5 Rxb3 35. Rc7 a5 36. Ra7 Bxc4 37. Rxa5 Rb1+ 38. Kf2 Rb2+ 39. Kg1 h5 40.
Rc5 Be6 41. Ra5 Kf6 42. Ra4 Ke5 43. Rf4 Rd2 44. Ra4 Kd6 45. Rf4 Kc5 46. Ra4 Rd4
47. Ra5+ Kb4 48. Ra6 Rd2 49. Rb6+ Kc3 50. Rc6+ Kd3 51. Rd6+ Ke3 52. Rxd2 Kxd2
53. Kf2 Kd3 54. Bf3 Kd4 55. Be2 Ke4 56. Kg2 Ke3 57. Bd1 Bg4 58. Bb3 Be6 59. Bd1
Ke4 60. Bf3+ Kf5 61. h3 Kg5 62. Bd1 h4 63. g4 Kf4 64. Bc2 g5 65. Bb1 f6 66. Bc2
Bd5+ 67. Kf2 Be4 68. Bd1 Bd5 69. Bc2 Bc6 70. Bd1 Bd7 71. Bc2 f5 72. gxf5 Bxf5
73. Bxf5 Kxf5 74. Kf3 Ke6 75. Ke2 Kf7 76. Kf3 Kg6 77. Kg4 Kf6 78. Kf3 Kf5 79.
Kg2 Ke4 80. Kf2 Kf4 81. Kg2 Ke3 82. Kh2 Kf3 83. Kh1 Kg3 0-1

[Event "Titled Tue 3rd Jun Early"]
[Site "chess.com INT"]
[Date "2025.06.03"]
[Round "3"]
[White "Hayrapetyan, Artavazd R."]
[Black "Purtseladze, Maka"]
[Result "1-0"]
[WhiteTitle "FM"]
[BlackTitle "IM"]
[WhiteElo "2350"]
[BlackElo "2261"]
[WhiteFideId "13304240"]
[BlackFideId "13602659"]
[EventDate "2025.06.03"]

1. d4 Nf6 2. Nf3 e6 3. Nc3 d5 4. Bg5 b6 5. e4 dxe4 6. Bxf6 gxf6 7. Nxe4 Bb7 8.
Nc3 c5 9. dxc5 Bxc5 10. Bb5+ Bc6 11. Qe2 Bxb5 12. Qxb5+ Qd7 13. Qe2 Nc6 14. Ne4
Bb4+ 15. c3 Be7 16. Rd1 Qc7 17. Qc4 Rc8 18. O-O O-O 19. Ng3 Ne5 20. Qf4 Nxf3+
21. Qxf3 f5 22. Nh5 Rfd8 23. Qe3 Kh8 24. g3 Rg8 25. Qd4+ e5 26. Qd5 f6 27. Qe6
Rcd8 28. Qxf5 Qc8 29. Qxc8 Rxc8 30. Rd7 Rge8 31. Rxa7 Ra8 32. Rb7 Rxa2 33. Rd1
Kg8 34. Rdd7 Kf8 35. Nxf6 Bxf6 36. Rf7+ Kg8 37. Rxf6 Rxb2 38. Rbxb6 Rxb6 39.
Rxb6 Rc8 40. Rb5 Rxc3 41. Rxe5 Kg7 42. Kg2 Rc7 43. Re3 Ra7 44. Rf3 Rb7 45. h4
Ra7 46. Rf4 Rb7 47. Rg4+ Kh6 48. Re4 Kg7 49. Rf4 Kg6 50. g4 h6 51. Kg3 Rb6 52.
h5+ Kg7 53. Rf5 Ra6 54. f3 Rb6 55. Re5 Rb7 56. Kf4 Ra7 57. Ke4 Rf7 58. f4 Ra7
59. Rd5 Ra4+ 60. Kf5 Ra7 61. Rd6 Rf7+ 62. Ke5 Re7+ 63. Re6 Ra7 64. Rg6+ Kh7 65.
Rd6 Kg7 66. g5 hxg5 67. fxg5 Ra5+ 68. Rd5 Ra7 69. Kf5 Rf7+ 70. Kg4 Ra7 71. Rd4
Rb7 72. h6+ Kh7 73. Kh5 Rb5 74. Rd7+ Kg8 75. Rg7+ Kh8 76. Rf7 Kg8 77. Ra7 Rc5
78. Re7 Ra5 79. Kg6 Ra6+ 80. Kf5 Ra5+ 81. Re5 Ra1 82. Kf6 Ra6+ 83. Re6 Ra8 84.
g6 Rf8+ 85. Kg5 Ra8 86. Re5 Rb8 87. Kh5 Ra8 88. Rf5 Rb8 89. h7+ Kg7 90. Rf7+ Kh8
91. Kh6 Ra8 92. g7# 1-0

[Event "Titled Tue 3rd Jun Early"]
[Site "chess.com INT"]
[Date "2025.06.03"]
[Round "3"]
[White "Ozcan, Kaan"]
[Black "Tekeyev, Zaur"]
[Result "0-1"]
[WhiteTitle "FM"]
[BlackTitle "IM"]
[WhiteElo "2230"]
[BlackElo "2417"]
[WhiteFideId "34566422"]
[BlackFideId "4199731"]
[EventDate "2025.06.03"]

1. d4 Nf6 2. Nf3 g6 3. Bf4 Bg7 4. e3 d6 5. h3 b6 6. Be2 Bb7 7. O-O O-O 8. Nbd2
Nbd7 9. a4 a5 10. c3 Re8 11. Bh2 e5 12. Qb3 Ne4 13. Nxe4 Bxe4 14. dxe5 Nxe5 15.
Nxe5 Bxe5 16. Bxe5 Rxe5 17. Bc4 Qg5 18. f3 Qxe3+ 19. Kh1 Bf5 20. Bxf7+ Kg7 21.
Bc4 Rae8 22. Bb5 R8e7 23. Qd1 Qf4 24. Qd4 g5 25. Rad1 Qxd4 26. cxd4 Re3 27. Rc1
Rb3 28. Rf2 h5 29. Kh2 h4 30. Rd2 Kf6 31. d5 Rbe3 32. Rd4 Rf7 33. Rdc4 Ree7 34.
R4c3 Bc8 35. Bc6 Bf5 36. Bb5 Bg6 37. Kg1 Bh7 38. Kf2 Rg7 39. Bc6 Bf5 40. Bb7
Rgf7 41. Bc6 Kg7 42. Bb5 Kf8 43. Bc4 Ke8 44. Bb5+ Kd8 45. Re3 Rxe3 46. Kxe3 Re7+
47. Kf2 Re5 48. Bc6 Bg6 49. Rd1 Bf7 50. Rd2 Ke7 51. g3 hxg3+ 52. Kxg3 Kf6 53.
Kg4 Re3 54. Rf2 Rb3 55. f4 Rb4 56. Kg3 Bg6 57. fxg5+ Kxg5 58. Rd2 Rb3+ 59. Kh2
Kf4 60. Rf2+ Ke5 61. Re2+ Be4 62. h4 Kf4 63. h5 Bf5 64. h6 Rh3+ 65. Kg2 Rxh6 66.
Rf2+ Ke5 67. Re2+ Be4+ 68. Kg3 Rg6+ 69. Kh4 Kf4 70. Kh5 Rg1 71. Rf2+ Bf3+ 72.
Kh6 Ke3 73. Rh2 Be4 74. Rh3+ Kd4 75. Rc3 Rg6+ 76. Kh5 Rg1 77. Bb5 Rg7 78. Bc6
Bxd5 79. Bxd5 Kxd5 80. Kh6 Re7 81. Kg6 c5 82. Kf6 Rh7 83. Rd3+ Kc6 84. Ke6 Rh6+
85. Ke7 d5 86. Rf3 c4 87. b3 Kc5 88. Kd7 Rh1 89. Kc7 Rb1 90. bxc4 dxc4 91. Rf5+
Kd4 92. Rf4+ Kd3 93. Rf3+ Ke4 94. Rc3 Kd4 95. Rh3 c3 96. Rh4+ Kd3 97. Rh3+ Kc4
98. Rh2 Rb4 99. Kc6 Kb3 100. Rh3 Kb2 0-1

[Event "Titled Tue 3rd Jun Early"]
[Site "chess.com INT"]
[Date "2025.06.03"]
[Round "3"]
[White "Jake Shanty"]
[Black "Aarav Sinha"]
[Result "1/2-1/2"]
[WhiteTitle "FM"]
[BlackTitle "FM"]
[WhiteElo "2252"]
[BlackElo "2255"]
[WhiteFideId "33478066"]
[BlackFideId "25674064"]
[EventDate "2025.06.03"]

1. Nf3 d5 2. e3 Nf6 3. b3 c5 4. Bb2 e6 5. Be2 Be7 6. O-O O-O 7. d4 b6 8. Nbd2
Bb7 9. c4 Nbd7 10. Rc1 Rc8 11. h3 Ne4 12. cxd5 Bxd5 13. Nxe4 Bxe4 14. Bd3 Bxd3
15. Qxd3 cxd4 16. Nxd4 Nc5 17. Qe2 Bf6 18. Rfd1 Qe7 19. Qf3 Qb7 20. Qxb7 Nxb7
21. Ba3 Rfd8 22. Rxc8 Rxc8 23. Nb5 a6 24. Rd7 Nc5 25. Rc7 Rxc7 26. Nxc7 Be5 27.
Bxc5 Bxc7 28. Bd4 g6 29. Kf1 Kf8 30. Ke2 Ke7 31. Kd3 e5 32. Bc3 Ke6 33. e4 b5
34. Bd2 h5 35. g4 hxg4 36. hxg4 Bb6 37. f3 f5 38. gxf5+ gxf5 39. Bc3 Bc5 40. a4
Bb6 41. axb5 axb5 42. Bb4 Bd4 43. Bf8 Bf2 44. Bg7 Bg1 45. Kc3 Bc5 46. Bh6 Be7
47. Be3 Bd6 48. Bb6 Be7 49. Ba5 Bd6 50. Bb4 Bc7 51. Bc5 Ba5+ 52. Kd3 Bc7 53. Bb4
Bd8 54. Bc3 Bh4 55. Bd2 Be7 56. Be3 Bd6 57. Kc3 Be7 58. Bb6 Bd6 59. Ba5 Be7 60.
Bb4 Bd8 61. Kb2 Bc7 62. Kc3 Bd8 63. Bc5 Ba5+ 64. Kc2 Bd8 65. Kd3 Ba5 66. Be3 Bc7
67. Bd2 Bd6 68. Be1 Be7 69. Bg3 Bf6 70. Kc3 Be7 71. Bf2 Bd6 72. Be3 Be7 73. Kd3
Bd6 74. Bd2 Be7 75. Ba5 Bd6 76. Bb6 Kf6 77. Bd8+ Ke6 78. Bg5 Bc5 79. f4 fxe4+
80. Kxe4 exf4 81. Bxf4 Bd6 82. Bxd6 Kxd6 83. Kd4 Kc6 84. b4 Kd6 85. Ke4 Ke6 86.
Kd4 Kd6 87. Ke4 Ke6 88. Ke3 Kd5 89. Kd3 Ke5 90. Ke3 Kd5 91. Kd3 Ke5 92. Ke3 Kd5 1/2-1/2